North American EF4 Tornadoes - Statistics

General Stats
  • This quiz has been taken 25 times
  • The average score is 24 of 95
Answer Stats
Answer % Correct
Mayfield-Dawson Springs, KY 2021
84%
Greenfield, IA 2024
74%
Rolling Fork-Silver City, MS 2023
58%
Soso-Bassfield, MS 2020
53%
Tuscaloosa-Birmingham, AL 2011
53%
Barnsdall, OK 2024
47%
Pilger, NE 2014
47%
Tyler-Doran, ND-MN 2010
47%
Washington, IL 2013
47%
Wisner, NE 2014
47%
Cookeville, TN 2020
42%
Elkhorn, NE 2024
42%
Henryville, IN-KY 2012
42%
Keota-Wellman, IA 2023
42%
Moore, OK 2010
42%
Rochelle-Fairdale, IL 2015
42%
Winterset, IA 2022
42%
Chickasha, OK 2011
37%
Cullman, AL 2011
37%
Goldsby, OK 2011
37%
Holly Springs, MS 2015
37%
Katie-Wynnewood, OK 2016
37%
Mayflower-Vilonia, AR 2014
37%
Monette, AR-MO-TN 2021
37%
Yazoo City, MS 2010
37%
Ashby-Dalton, MN 2020
32%
Beauregard, AL-GA 2019
32%
Canton, TX 2017
32%
Cordova, AL 2011
32%
Didsbury-Carstairs, AB 2023
32%
Flat Rock-Trenton AL-GA 2011
32%
Lake Martin, AL 2011
32%
Lawrence, KS 2019
32%
Louisville, MS 2014
32%
Pembroke, GA 2022
32%
Picher, OK 2008
32%
Ringgold, GA 2011
32%
Rowlett-Garland, TX 2015
32%
Dayton, OH 2019
26%
Enterprise, AL 2007
26%
Enterprise, MS 2011
26%
Marietta, OK 2024
26%
Perryville, MO-IL 2017
26%
Saint Louis, MO 2011
26%
Salina, KS 2012
26%
Shoal Creek, AL 2011
26%
Stanton, NE 2014
26%
Bridgeport, AL 2011
21%
Chapman, KS 2016
21%
Clarksville, TX 2022
21%
Clinton, AR 2008
21%
Crittenden, KY 2012
21%
Granbury, TX 2013
21%
Lone Grove, OK 2009
21%
Millbury, OH 2010
21%
Pisgah, AL 2008
21%
Shawnee, OK 2013
21%
Albert Lea, MN 2010
16%
Alpena, SD 2014
16%
Atlanta, LA 2010
16%
Estill, SC 2020
16%
Harrisburg, IL 2012
16%
Hattiesburg, MS 2013
16%
Jackson, TN 2008
16%
Lake Thunderbird, OK 2010
16%
Murfreesboro, TN 2009
16%
New Harmony, TN 2011
16%
New Minden, IL 2013
16%
Quinter, KS 2012
16%
Sartinville, MS 2020
16%
Wadena, MN 2010
16%
Wakefield, NE 2014
16%
Wayne, NE 2013
16%
Alonsa, MB 2018
11%
Blue Mound, KS 2007
11%
Bowdle, SD 2010
11%
Caviness, TX 2022
11%
Denning, AR 2011
11%
Holmes, ND 2010
11%
Manhattan, KS 2008
11%
Northwood, ND 2007
11%
Rozel, KS 2013
11%
Sibley, IA 2010
11%
Tipton, OK 2007
11%
Deer Creek, MN 2010
5%
Great Smoky Mountains, TN 2011
5%
Millers Ferry, AL 2007
5%
Purvis, MS 2020
5%
Clifton, TN 2008
0%
Five Points, AL 2008
0%
Hendrixville-Loveless AL 2010
0%
La Habana, Cuba 2019
0%
Pierson, IA 2013
0%
Pocahontas, IA 2011
0%
Ridgeville, GA 2008
0%
No matching quizzes found
Score Distribution
Percent of People with Each Score
Percentile by Number Answered
Your Score History
You have not taken this quiz